000 00731nam a2200265 a 4500
001 13413
003 BD-JhCC
005 20230916134830.0
008 230726s20192022bg a|||| ||a| 000 0 eng d
020 _a9789848046982
035 _a(BD-JhCC)13413
040 _aBD-JhCC
_dBD-JhCC
041 _aEnglish
082 _a398.20956
_bMOS 2022
100 _aShejuti,Nabila Noshin
245 _aThe Ark of Nuh /
_cNabila Noshin Shejuti, IIIus: Ahmed Taohid Rafi
260 _aঢাকা :
_b ‍sean publication;
_c2022.
300 _a38 p. :
_c17 cm.
490 _aLevel-3
504 _aIncludes Bibliography.
650 _aJuvenile Literature
650 _aIslamic story
700 _aTaohid Rafi,Ahmed
942 _2ddc
_cBK
999 _c13413
_d13413